[Event "Castellon Region-ch"]
[Site "Vila Real"]
[Date "2015.10.03"]
[Round "2"]
[White "Cervantes Calvo, Francisco Jose"]
[Black "Gargallo Catalan, Oscar"]
[Result "1-0"]
[WhiteElo "1738"]
[BlackElo "1462"]
[PlyCount "57"]
[EventDate "2015.10.03"]
[EventType "swiss"]
[EventRounds "7"]
[EventCountry "ESP"]
[SourceTitle "EXT 2024"]
[Source "ChessBase"]
[SourceDate "2023.10.10"]
[SourceVersion "1"]
[SourceVersionDate "2023.10.10"]
[SourceQuality "1"]

1. e4 c5 2. Nf3 g6 3. Bc4 Bg7 4. 0-0 Nc6 5. c3 Nf6 6. Re1 e5 7. d4 d6 8. dxc5 dxc5 9. Qxd8+ Kxd8 10. Bxf7 Ke7 11. Bd5 Bd7 12. Bxc6 Bxc6 13. Nxe5 Rac8 14. Nxc6+ Rxc6 15. Nd2 Re8 16. Nc4 Kf8 17. f3 b5 18. Na5 Rc7 19. Bf4 Rd7 20. Rad1 Red8 21. Rxd7 Rxd7 22. Nb3 c4 23. Nc5 Rf7 24. Bd6+ Ke8 25. e5 Nd5 26. Ne4 Nb6 27. Ng5 Rf5 28. Nxh7 Kd7 29. e6+ 1-0

[Event "Provincial-ch Vila Real"]
[Site "Vila Real"]
[Date "2014.11.08"]
[Round "5.8"]
[White "Lopez Benlloch, Vicente"]
[Black "Gargallo Catalan, Oscar"]
[Result "0-1"]
[WhiteElo "1570"]
[BlackElo "1454"]
[PlyCount "100"]
[EventDate "2014.09.27"]
[EventType "swiss"]
[EventRounds "7"]
[EventCountry "ESP"]
[SourceTitle "EXT 2024"]
[Source "ChessBase"]
[SourceDate "2023.10.10"]
[SourceVersion "1"]
[SourceVersionDate "2023.10.10"]
[SourceQuality "1"]

1. e4 d6 2. Nf3 Nf6 3. Nc3 g6 4. d3 Bg7 5. Be2 c6 6. 0-0 0-0 7. h3 Nbd7 8. Be3 d5 9. e5 Ne8 10. d4 Nc7 11. Qd2 f6 12. Bh6 c5 13. Bxg7 Kxg7 14. exf6+ exf6 15. dxc5 Nxc5 16. Rad1 Be6 17. Nh2 Ne4 18. Nxe4 dxe4 19. Rfe1 Qxd2 20. Rxd2 Rad8 21. Red1 Rxd2 22. Rxd2 Rf7 23. Nf1 a6 24. f3 exf3 25. Bxf3 b5 26. Rd6 Rd7 27. Rxd7+ Bxd7 28. a3 a5 29. c3 Na6 30. Be2 Nc5 31. Ne3 Bc6 32. Kf2 Ne4+ 33. Ke1 f5 34. Nc2 Nd6 35. Kf1 Kf6 36. Nd4 Bd7 37. Nf3 a4 38. Nd4 Ke5 39. Bd3 h5 40. Kf2 Nc4 41. Bxc4 bxc4 42. Nf3+ Ke4 43. Ke2 Kf4 44. Kf2 g5 45. g3+ Ke4 46. Ke2 f4 47. Nxg5+ Kf5 48. gxf4 Kxf4 49. h4 Kg3 50. Nf3 Bg4 0-1

[Event "Provincial-ch Vila Real"]
[Site "Vila Real"]
[Date "2014.10.04"]
[Round "3.7"]
[White "Gimeno Simo, Sergio"]
[Black "Gargallo Catalan, Oscar"]
[Result "1-0"]
[WhiteElo "1702"]
[BlackElo "1454"]
[PlyCount "65"]
[EventDate "2014.09.27"]
[EventType "swiss"]
[EventRounds "7"]
[EventCountry "ESP"]
[SourceTitle "EXT 2024"]
[Source "ChessBase"]
[SourceDate "2023.10.10"]
[SourceVersion "1"]
[SourceVersionDate "2023.10.10"]
[SourceQuality "1"]

1. e4 d6 2. d4 Nf6 3. Nc3 g6 4. Nf3 Bg7 5. Be2 0-0 6. 0-0 e5 7. dxe5 dxe5 8. Bg5 h6 9. Qxd8 Rxd8 10. Bxf6 Bxf6 11. Nd5 Na6 12. Nxf6+ Kg7 13. Nd5 f5 14. Nc3 fxe4 15. Nxe4 Bf5 16. Ng3 Rf8 17. Nxf5+ Rxf5 18. Bxa6 bxa6 19. Rfe1 Rb8 20. b3 Re8 21. Rad1 e4 22. Rd7+ Kf6 23. Nd4 Rc5 24. c4 Ra5 25. Re2 Ke5 26. Nc6+ Ke6 27. Rd4 Rc5 28. Rdxe4+ Kd7 29. Rxe8 Rxc6 30. R2e7+ Kd6 31. Re6+ Kd7 32. R8e7+ Kd8 33. Rxc6 1-0